[Event "USA-chT Amateur East"]
[Site "Parsippany"]
[Date "2012.02.20"]
[Round "6"]
[White "Bauer, Richard N"]
[Black "Riccardi, Thomas H"]
[Result "1-0"]
[WhiteElo "2263"]
[BlackElo "2123"]
[PlyCount "147"]
[EventDate "2012.02.18"]
[EventType "team-swiss"]
[EventRounds "6"]
[EventCountry "USA"]
[SourceTitle "CBM 147 Extra"]
[Source "ChessBase"]
[SourceDate "2012.04.24"]
[SourceVersion "1"]
[SourceVersionDate "2012.04.24"]
[SourceQuality "1"]

1. Nf3 Nf6 2. c4 g6 3. Nc3 d5 4. cxd5 Nxd5 5. e4 Nb6 6. d4 Bg7 7. h3 0-0 8. Be3 Nc6 9. Be2 Na5 10. 0-0 Nac4 11. Bc1 e5 12. d5 f5 13. b3 Nd6 14. exf5 e4 15. Nd4 Nxf5 16. Be3 c5 17. Nxf5 gxf5 18. Rc1 Nd7 19. Qd2 b6 20. d6 Bb7 21. Bc4+ Kh8 22. Bd5 Rb8 23. Bh6 Bxh6 24. Qxh6 Qf6 25. Qxf6+ Nxf6 26. Bxb7 Rxb7 27. f3 e3 28. f4 Rd7 29. Rce1 Re8 30. Rf3 e2 31. Rd3 Re6 32. Rxe2 Rxe2 33. Nxe2 Ne4 34. g4 Rxd6 35. Rxd6 Nxd6 36. Ng3 Kg7 37. Kf2 b5 38. Ke3 Kf6 39. Kd3 h6 40. gxf5 c4+ 41. bxc4 Nxc4 42. Kd4 a6 43. Kc5 Nd2 44. Kb6 b4 45. Kxa6 b3 46. axb3 Nxb3 47. Kb5 Nd4+ 48. Kc4 Nxf5 49. Ne4+ Kg6 50. Kd5 Kh5 51. Ke5 Ne7 52. f5 Kh4 53. f6 Ng6+ 54. Kf5 Nh8 55. Nf2 h5 56. Nd3 Kxh3 57. Nf4+ Kg3 58. Nxh5+ Kh4 59. Nf4 Nf7 60. Ke6 Nh8 61. Nd3 Kg5 62. Ne5 Kf4 63. Nd3+ Kg5 64. Nb4 Kg6 65. Nd5 Kh7 66. Nf4 Kh6 67. Ke7 Kh7 68. Kf8 Kh6 69. Kg8 Kg5 70. Nd5 Ng6 71. f7 Kh6 72. Nf4 Ne7+ 73. Kh8 Ng8 74. f8Q+ 1-0

[Event "USA-chT Amateur East"]
[Site "Parsippany"]
[Date "2010.02.13"]
[Round "2"]
[White "Bauer, Richard N"]
[Black "Radomskyj, Peter"]
[Result "1/2-1/2"]
[WhiteElo "2277"]
[BlackElo "2199"]
[PlyCount "89"]
[EventDate "2010.02.13"]
[EventType "team-tourn"]
[EventRounds "6"]
[EventCountry "USA"]
[SourceTitle "CBM 135 Extra"]
[Source "ChessBase"]
[SourceDate "2010.05.04"]
[SourceVersion "1"]
[SourceVersionDate "2010.05.04"]
[SourceQuality "1"]

1. d4 Nf6 2. Nf3 g6 3. c4 Bg7 4. Nc3 d5 5. cxd5 Nxd5 6. e4 Nxc3 7. bxc3 0-0 8. Be2 c5 9. 0-0 b6 10. Bg5 cxd4 11. cxd4 Bg4 12. Rc1 Bxf3 13. Bxf3 Nd7 14. e5 Rb8 15. Qa4 a5 16. Bc6 b5 17. Bxb5 Nb6 18. Qxa5 h6 19. Be3 Ra8 20. Qd2 Kh7 21. Bc6 Rc8 22. a4 f6 23. a5 Nd5 24. a6 Nxe3 25. Qxe3 Qb6 26. Bb7 Rxc1 27. Rxc1 fxe5 28. dxe5 Qb2 29. f4 g5 30. Be4+ Kh8 31. a7 gxf4 32. Qc3 Qb6+ 33. Qc5 Qa6 34. Qxe7 Qe2 35. Qxf8+ Bxf8 36. a8Q Qe3+ 37. Kf1 Qxc1+ 38. Ke2 Qe3+ 39. Kd1 Qg1+ 40. Kc2 Qf2+ 41. Kb1 Qe1+ 42. Kc2 Qf2+ 43. Kb3 Qe3+ 44. Ka4 Qd4+ 45. Kb3 1/2-1/2

[Event "USA-chT Amateur East"]
[Site "Parsippany"]
[Date "2004.02.15"]
[Round "4"]
[White "Allen, Edward J"]
[Black "Bauer, Richard N"]
[Result "0-1"]
[WhiteElo "2196"]
[BlackElo "2269"]
[PlyCount "90"]
[EventDate "2004.02.14"]
[EventType "team"]
[EventRounds "6"]
[EventCountry "USA"]
[SourceTitle "EXT 2005"]
[Source "ChessBase"]
[SourceDate "2004.11.15"]
[SourceVersion "1"]
[SourceVersionDate "2004.11.15"]
[SourceQuality "1"]

1. e4 c5 2. Nf3 d6 3. d4 cxd4 4. Nxd4 Nf6 5. Nc3 a6 6. Bg5 e6 7. f4 Qb6 8. Nb3 Be7 9. Qf3 h6 10. Bh4 Qc7 11. 0-0-0 Nbd7 12. g4 b5 13. a3 Bb7 14. Bg2 Rc8 15. Qe2 Nxe4 16. Bxe4 Bxh4 17. Bxb7 Qxb7 18. Rhf1 Rxc3 19. bxc3 0-0 20. Rf3 Rc8 21. g5 hxg5 22. Rh3 Nf6 23. Rg1 Qe4 24. Qxe4 Nxe4 25. Nd2 Nxc3 26. Rg2 Nd5 27. fxg5 Nf4 28. Rxh4 Nxg2 29. Re4 e5 30. Kb2 Nf4 31. a4 bxa4 32. Rxa4 Rc6 33. Nc4 Ne6 34. h4 Nd4 35. Ne3 f5 36. gxf6 gxf6 37. c3 Nb5 38. Nd5 Kf7 39. h5 Ke6 40. c4 Nc7 41. Ne3 f5 42. Kb3 f4 43. Nd1 Rb6+ 44. Kc2 Kf5 45. Ra3 d5 0-1

[Event "New England op 63rd"]
[Site "Windsor Locks"]
[Date "2003.09.01"]
[Round "6"]
[White "Tkach, Leonid"]
[Black "Bauer, Richard N"]
[Result "1/2-1/2"]
[WhiteElo "2103"]
[BlackElo "2232"]
[PlyCount "151"]
[EventDate "2003.??.??"]
[EventType "swiss"]
[EventRounds "6"]
[EventCountry "USA"]
[SourceTitle "EXT 2005"]
[Source "ChessBase"]
[SourceDate "2004.11.15"]
[SourceVersion "1"]
[SourceVersionDate "2004.11.15"]
[SourceQuality "1"]

1. e4 c5 2. Nf3 d6 3. d4 cxd4 4. Nxd4 Nf6 5. Nc3 a6 6. f3 Qb6 7. Nb3 Nc6 8. Qe2 e6 9. Be3 Qc7 10. a4 b6 11. Qf2 Rb8 12. Bd3 Be7 13. 0-0 0-0 14. Qe2 Nb4 15. f4 Bb7 16. Rf3 e5 17. Rh3 d5 18. fxe5 Qxe5 19. Bd4 Bc5 20. Bxc5 bxc5 21. Nxc5 Qd4+ 22. Qf2 Qxf2+ 23. Kxf2 dxe4 24. N3xe4 Nxd3+ 25. cxd3 Bxe4 26. Nxe4 Rxb2+ 27. Kf3 Nxe4 28. dxe4 Rc8 29. Rd1 Rc3+ 30. Kf4 g5+ 31. Ke5 Rxh3 32. gxh3 Kg7 33. Rd6 Rxh2 34. Rxa6 Rxh3 35. Kf5 h6 36. a5 Rf3+ 37. Ke5 g4 38. Rb6 g3 39. Rb1 Ra3 40. Kf4 h5 41. Rg1 h4 42. Kg4 Ra4 43. Kxh4 Rxe4+ 44. Kxg3 Ra4 45. Kh3+ Kf8 46. Rg5 f6 47. Rb5 Kf7 48. Kg3 Kg6 49. Kf3 f5 50. Ke3 Kg5 51. Kd3 Kg4 52. Kc3 f4 53. Kb3 Ra1 54. Kb2 Ra4 55. Kb3 Ra1 56. Kb2 Rd1 57. a6 Rd8 58. a7 Ra8 59. Rb7 f3 60. Rg7+ Kh3 61. Rf7 Kg2 62. Rg7+ Kf1 63. Kc3 f2 64. Rb7 Ke2 65. Re7+ Kd1 66. Rd7+ Ke1 67. Re7+ Kf1 68. Kb4 Rg8 69. Rf7 Kg1 70. Kb5 f1Q+ 71. Rxf1+ Kxf1 72. Kb6 Ke2 73. Kb7 Rg7+ 74. Kb6 Rg6+ 75. Kb7 Rg7+ 76. Kb6 1/2-1/2

[Event "New England op 63rd"]
[Site "Windsor Locks"]
[Date "2003.08.30"]
[Round "1"]
[White "Bauer, Richard N"]
[Black "Dickson, James"]
[Result "1-0"]
[WhiteElo "2232"]
[BlackElo "1854"]
[PlyCount "93"]
[EventDate "2003.??.??"]
[EventType "swiss"]
[EventRounds "6"]
[EventCountry "USA"]
[SourceTitle "EXT 2005"]
[Source "ChessBase"]
[SourceDate "2004.11.15"]
[SourceVersion "1"]
[SourceVersionDate "2004.11.15"]
[SourceQuality "1"]

1. d4 Nf6 2. c4 g6 3. Nc3 Bg7 4. e4 d6 5. h3 0-0 6. Bg5 Nbd7 7. Bd3 e5 8. d5 a5 9. Nge2 Nc5 10. Bc2 h6 11. Be3 b6 12. g4 Nh7 13. Ng3 Bd7 14. h4 Qc8 15. f3 Qa6 16. Qe2 c6 17. Rd1 cxd5 18. Nxd5 Ra7 19. Nc3 Be6 20. Nb5 Rd7 21. Rxd6 Rxd6 22. Nxd6 Rd8 23. Nb5 Qc8 24. Nc3 Nf6 25. g5 Nfd7 26. gxh6 Bf6 27. Nd5 Qc6 28. Bg5 Bxg5 29. hxg5 Bxd5 30. exd5 Qd6 31. Ne4 Nxe4 32. Bxe4 Qb4+ 33. Kf2 Rc8 34. b3 a4 35. Qc2 Kh7 36. Rc1 b5 37. Qc3 Qc5+ 38. Qe3 Qa3 39. Rc2 axb3 40. axb3 bxc4 41. bxc4 Qxe3+ 42. Kxe3 f6 43. gxf6 Nxf6 44. c5 Rd8 45. d6 Ne8 46. Rg2 Nf6 47. Rg5 1-0

[Event "Bradley op 8th"]
[Site "Windsor Locks"]
[Date "2003.07.20"]
[Round "5"]
[White "Bauer, Richard N"]
[Black "Yanayt, Eugene"]
[Result "1/2-1/2"]
[WhiteElo "2234"]
[BlackElo "2179"]
[PlyCount "79"]
[EventDate "2003.??.??"]
[EventType "swiss"]
[EventRounds "5"]
[EventCountry "USA"]
[SourceTitle "EXT 2005"]
[Source "ChessBase"]
[SourceDate "2004.11.15"]
[SourceVersion "1"]
[SourceVersionDate "2004.11.15"]
[SourceQuality "1"]

1. d4 Nf6 2. c4 g6 3. Nc3 Bg7 4. e4 d6 5. Bg5 0-0 6. Qd2 c5 7. d5 e6 8. Bd3 exd5 9. Nxd5 Be6 10. Nxf6+ Bxf6 11. Bxf6 Qxf6 12. Ne2 Nc6 13. 0-0 a6 14. b3 Rab8 15. f4 Bg4 16. Qc3 Qh4 17. Ng3 f5 18. Rae1 Nd4 19. Re3 Rbe8 20. Qe1 Rf7 21. h3 Bh5 22. exf5 Rxe3 23. Qxe3 gxf5 24. Nxh5 Qxh5 25. Re1 Rg7 26. Qe8+ Qxe8 27. Rxe8+ Kf7 28. Re3 h5 29. Kf2 h4 30. g3 hxg3+ 31. Rxg3 Rxg3 32. Kxg3 Kf6 33. Kf2 b6 34. Ke3 Nc6 35. a3 a5 36. Be2 Nd4 37. Bd1 Nc6 38. h4 Kg6 39. Bf3 Nd4 40. Bd1 1/2-1/2

[Event "Foxwoods op 04th"]
[Site "Connecticut"]
[Date "2002.03.31"]
[Round "6"]
[White "Bauer, Richard N"]
[Black "Gersov, Evgeny"]
[Result "1/2-1/2"]
[WhiteElo "2267"]
[BlackElo "2342"]
[PlyCount "54"]
[EventDate "2002.03.28"]
[EventType "swiss"]
[EventRounds "7"]
[EventCountry "USA"]
[SourceTitle "CBM 087 Extra"]
[Source "ChessBase"]
[SourceDate "2002.05.03"]
[SourceVersion "2"]
[SourceVersionDate "2002.08.09"]
[SourceQuality "1"]

1. d4 Nf6 2. c4 c5 3. d5 b5 4. cxb5 a6 5. bxa6 g6 6. Nc3 Bxa6 7. e4 Bxf1 8. Kxf1 d6 9. h3 Bg7 10. Nge2 0-0 11. Kg1 Nfd7 12. Kh2 Na6 13. Rb1 Qb6 14. Be3 Qb7 15. Qd2 Rfb8 16. Rhd1 Nc7 17. Bh6 Ne5 18. b3 Nb5 19. Nxb5 Qxb5 20. a4 Qb4 21. Qc2 Qb7 22. Bd2 Qa6 23. Bc3 c4 24. f4 cxb3 25. Rxb3 Qc4 26. Rxb8+ Rxb8 27. fxe5 Bxe5+ 1/2-1/2

[Event "Foxwoods op 04th"]
[Site "Connecticut"]
[Date "2002.03.29"]
[Round "3"]
[White "Kaufman, Larry C"]
[Black "Bauer, Richard N"]
[Result "1-0"]
[WhiteElo "2400"]
[BlackElo "2267"]
[PlyCount "43"]
[EventDate "2002.03.28"]
[EventType "swiss"]
[EventRounds "7"]
[EventCountry "USA"]
[SourceTitle "CBM 087 Extra"]
[Source "ChessBase"]
[SourceDate "2002.05.03"]
[SourceVersion "2"]
[SourceVersionDate "2002.08.09"]
[SourceQuality "1"]

1. e4 c5 2. Nf3 d6 3. d4 Nf6 4. Nc3 cxd4 5. Nxd4 a6 6. Be2 e6 7. Be3 Nbd7 8. g4 h6 9. f4 b5 10. g5 hxg5 11. fxg5 b4 12. Nc6 Qc7 13. Nxb4 Nxe4 14. Nxe4 d5 15. Nxd5 exd5 16. Nc3 Rxh2 17. Rxh2 Qxh2 18. Qxd5 Rb8 19. 0-0-0 Qc7 20. g6 Ne5 21. gxf7+ Nxf7 22. Bh5 1-0

[Event "Northeast Winter Getaway op"]
[Site "Lowell"]
[Date "2002.02.09"]
[Round "3"]
[White "Bauer, Richard N"]
[Black "Mac Intyre, Paul"]
[Result "1/2-1/2"]
[WhiteElo "2240"]
[BlackElo "2304"]
[PlyCount "107"]
[EventDate "2002.02.??"]
[EventType "swiss"]
[EventRounds "5"]
[EventCountry "USA"]
[SourceTitle "EXT 2005"]
[Source "ChessBase"]
[SourceDate "2004.11.15"]
[SourceVersion "1"]
[SourceVersionDate "2004.11.15"]
[SourceQuality "1"]

1. d4 Nf6 2. Nf3 g6 3. c4 Bg7 4. Nc3 0-0 5. e4 d6 6. Be2 e5 7. 0-0 Nc6 8. d5 Ne7 9. b4 c6 10. a4 a5 11. bxa5 Qxa5 12. Bd2 c5 13. Qb3 Qd8 14. Rfb1 Ra6 15. Ra3 h6 16. Ne1 Nh7 17. Qb2 f5 18. f3 Nf6 19. Rb3 g5 20. Rb6 Ra8 21. Nd3 f4 22. Nf2 h5 23. h3 Ng6 24. Rxb7 Bxb7 25. Qxb7 Nd7 26. Qc6 Ne7 27. Qb7 Rb8 28. Qa7 Ra8 29. Qb7 Rb8 30. Qa7 Rxb1+ 31. Nxb1 Qb8 32. Qxb8 Rxb8 33. Bd3 Nc8 34. a5 Bf6 35. Na3 Bd8 36. Bc2 Ra8 37. Ba4 Nb8 38. Be8 Bxa5 39. Bxa5 Rxa5 40. Nb5 Kf8 41. Bxh5 Ke7 42. Ng4 Na7 43. Nc7 Nd7 44. Nh6 Nb6 45. Bg4 Nxc4 46. Nf5+ Kd7 47. Ne6 Ra1+ 48. Kf2 Ne3 49. Nxc5+ dxc5 50. Nxe3+ Ke7 51. Nc4 Kf6 52. Nb6 Ke7 53. Nc4 Kf6 54. Nb6 1/2-1/2

[Event "New England op 61st"]
[Site "Springfield"]
[Date "2001.09.02"]
[Round "4"]
[White "Stolerman, Jack"]
[Black "Bauer, Richard N"]
[Result "1-0"]
[WhiteElo "2081"]
[BlackElo "2262"]
[PlyCount "79"]
[EventDate "2001.09.??"]
[EventType "swiss"]
[EventRounds "6"]
[EventCountry "USA"]
[SourceTitle "EXT 2005"]
[Source "ChessBase"]
[SourceDate "2004.11.15"]
[SourceVersion "1"]
[SourceVersionDate "2004.11.15"]
[SourceQuality "1"]

1. e4 c6 2. d4 d5 3. exd5 cxd5 4. c4 Nf6 5. Nc3 Nc6 6. Bg5 Be6 7. c5 Ne4 8. Be3 g6 9. Nge2 Bg7 10. f3 Nxc3 11. Nxc3 0-0 12. Bb5 Qc7 13. 0-0 b6 14. Qa4 Rac8 15. Bxc6 Qxc6 16. Qxc6 Rxc6 17. b4 bxc5 18. bxc5 Rd8 19. Rfc1 Bf5 20. g4 Bd3 21. Rd1 Bc4 22. f4 g5 23. f5 h6 24. Rab1 Rd7 25. Rb4 Rdc7 26. Kf2 Rxc5 27. dxc5 Bxc3 28. Rxc4 dxc4 29. Rc1 Be5 30. Rxc4 Bxh2 31. c6 Kf8 32. Kf3 Ke8 33. Ke4 e6 34. f6 Bd6 35. Bd4 a6 36. Be5 Bxe5 37. Kxe5 Rc8 38. Kd6 Rd8+ 39. Kc7 Rd2 40. Rb4 1-0

[Event "New England op 61st"]
[Site "Springfield"]
[Date "2001.09.01"]
[Round "2"]
[White "Bauer, Richard N"]
[Black "Plum, Mark"]
[Result "1-0"]
[WhiteElo "2262"]
[BlackElo "2179"]
[PlyCount "61"]
[EventDate "2001.09.??"]
[EventType "swiss"]
[EventRounds "6"]
[EventCountry "USA"]
[SourceTitle "EXT 2005"]
[Source "ChessBase"]
[SourceDate "2004.11.15"]
[SourceVersion "1"]
[SourceVersionDate "2004.11.15"]
[SourceQuality "1"]

1. d4 Nf6 2. c4 e6 3. Nc3 Bb4 4. Qc2 d5 5. cxd5 exd5 6. Bg5 h6 7. Bh4 c6 8. e3 Be6 9. Bd3 Nbd7 10. Nge2 Nf8 11. 0-0 Be7 12. f3 N8h7 13. Bf2 h5 14. e4 dxe4 15. Nxe4 Nxe4 16. fxe4 Nf6 17. h3 g5 18. d5 cxd5 19. Nd4 0-0 20. e5 Ne4 21. Bxe4 dxe4 22. Nxe6 fxe6 23. Qxe4 Rf5 24. g4 hxg4 25. hxg4 Rf4 26. Qg6+ Kh8 27. Qh6+ Kg8 28. Qxe6+ Kh8 29. Be3 Bc5 30. Bxc5 Qd3 31. Qh6+ 1-0

[Event "World op 28th"]
[Site "Philadelphia"]
[Date "2000.07.28"]
[Round "1"]
[White "Bauer, Richard N"]
[Black "Ehlvest, Jaan"]
[Result "1/2-1/2"]
[WhiteElo "2284"]
[BlackElo "2622"]
[PlyCount "139"]
[EventDate "2000.06.28"]
[EventType "swiss"]
[EventRounds "9"]
[EventCountry "USA"]
[SourceTitle "EXT 2001"]
[Source "ChessBase"]
[SourceDate "2000.11.22"]
[SourceVersion "1"]
[SourceVersionDate "2000.11.22"]
[SourceQuality "1"]

1. Nf3 c5 2. c4 g6 3. g3 Bg7 4. Bg2 Nc6 5. 0-0 a6 6. Nc3 Rb8 7. a4 d6 8. d3 Nh6 9. Bd2 0-0 10. Rb1 Nf5 11. Ne1 Bd7 12. Nc2 Nfd4 13. Nxd4 cxd4 14. Nd5 a5 15. b4 e6 16. b5 Ne5 17. Nf4 b6 18. Bc1 Bc8 19. Bb2 Nd7 20. e3 dxe3 21. fxe3 Bxb2 22. Rxb2 Qc7 23. Rbf2 Bb7 24. Bxb7 Qxb7 25. Qg4 Rbe8 26. Qg5 f6 27. Qg4 f5 28. Qe2 Nf6 29. Qf3 Qxf3 30. Rxf3 Nd7 31. d4 Nf6 32. R3f2 Rc8 33. Rc2 e5 34. Nd3 Rfe8 35. dxe5 dxe5 36. c5 e4 37. Nb2 Ng4 38. Re1 bxc5 39. Nc4 Rcd8 40. Nxa5 Ra8 41. Nc6 Rxa4 42. h3 Ne5 43. Nxe5 Rxe5 44. Rb1 Rb4 45. Rcb2 Rxb2 46. Rxb2 c4 47. b6 Re8 48. g4 Kg7 49. Kf2 c3 50. Rc2 Rb8 51. Rxc3 Rxb6 52. Rc7+ Kh6 53. Kg3 Rb1 54. gxf5 gxf5 55. Kh4 Rg1 56. Re7 Rf1 57. Re6+ Kg7 58. Kg5 h6+ 59. Rxh6 Rg1+ 60. Kh5 Rg3 61. Ra6 Kf7 62. Ra3 Rxh3+ 63. Kg5 Rf3 64. Ra6 Ke7 65. Rb6 Kd7 66. Ra6 f4 67. exf4 e3 68. f5 Rf2 69. Re6 e2 70. Kg4 1/2-1/2

[Event "Philadelphia National op 30th"]
[Site "Philadelphia"]
[Date "1999.11.28"]
[Round "6"]
[White "Shapiro, Daniel E"]
[Black "Bauer, Richard N"]
[Result "0-1"]
[WhiteElo "2280"]
[BlackElo "2304"]
[PlyCount "103"]
[EventDate "1999.11.26"]
[EventType "swiss"]
[EventRounds "6"]
[EventCountry "USA"]
[SourceTitle "CBM 073 Extra"]
[Source "ChessBase"]
[SourceDate "2000.01.11"]
[SourceVersion "1"]
[SourceVersionDate "2000.01.11"]
[SourceQuality "1"]

1. d4 Nf6 2. c4 e6 3. Nf3 b6 4. g3 Ba6 5. Nbd2 Bb7 6. Bg2 c5 7. e4 cxd4 8. Nxd4 d6 9. 0-0 Nbd7 10. Re1 a6 11. b3 Qc7 12. Bb2 g6 13. Rc1 Bg7 14. Nb1 0-0 15. Nc3 Rac8 16. h3 Rfd8 17. Qe2 Qb8 18. Rcd1 Nc5 19. Kh2 Re8 20. Qf1 Qa8 21. f3 Qb8 22. Qf2 Red8 23. Bc1 Ba8 24. Be3 Re8 25. Kg1 Nh5 26. g4 Nf6 27. g5 Nh5 28. f4 e5 29. fxe5 Bxe5 30. Nde2 b5 31. cxb5 axb5 32. Nd5 Bxd5 33. exd5 Qc7 34. Bf3 Ng7 35. Bg4 Ra8 36. Nd4 Ne4 37. Qg2 Nc3 38. Rc1 b4 39. Nc6 Rxa2 40. Qf3 Qb7 41. Nxe5 Rxe5 42. Bd4 Ne2+ 43. Rxe2 Raxe2 44. Qxe2 Rxe2 45. Bxe2 Nf5 46. Bf6 h5 47. Rc6 Kh7 48. Bd3 Qa7+ 49. Kh1 Qf2 50. Bxf5 gxf5 51. Rc8 Qf4 52. g6+ 0-1

[Event "Philadelphia National op 30th"]
[Site "Philadelphia"]
[Date "1999.11.27"]
[Round "3"]
[White "Bauer, Richard N"]
[Black "Sarkar, Justin"]
[Result "1/2-1/2"]
[WhiteElo "2304"]
[BlackElo "2262"]
[PlyCount "71"]
[EventDate "1999.11.26"]
[EventType "swiss"]
[EventRounds "6"]
[EventCountry "USA"]
[SourceTitle "CBM 073 Extra"]
[Source "ChessBase"]
[SourceDate "2000.01.11"]
[SourceVersion "1"]
[SourceVersionDate "2000.01.11"]
[SourceQuality "1"]

1. e4 e6 2. d4 d5 3. Nc3 Nf6 4. Bg5 Be7 5. e5 Nfd7 6. Bxe7 Qxe7 7. f4 0-0 8. Nf3 c5 9. dxc5 Nc6 10. Bd3 f6 11. exf6 Qxf6 12. g3 Nxc5 13. 0-0 Bd7 14. Qd2 Nxd3 15. cxd3 e5 16. Rae1 Bh3 17. Rf2 d4 18. Ne4 Qf5 19. fxe5 Nxe5 20. Nxe5 Qxe5 21. Rxf8+ Rxf8 22. Nf2 Qf5 23. Nxh3 Qxh3 24. Qb4 Qh6 25. Qc4+ Kh8 26. Qxd4 Qd2 27. Rf1 Rxf1+ 28. Kxf1 h6 29. b4 Qd1+ 30. Kg2 Qe2+ 31. Kh3 Qe6+ 32. Qg4 Qxa2 33. Qc8+ Kh7 34. Qf5+ Kg8 35. Qc8+ Kh7 36. Qf5+ 1/2-1/2

[Event "World op 26th"]
[Site "Philadelphia"]
[Date "1998.07.01"]
[Round "5"]
[White "Gurevich, Dmitry"]
[Black "Bauer, Richard N"]
[Result "1-0"]
[WhiteElo "2540"]
[BlackElo "2275"]
[PlyCount "45"]
[EventDate "1998.06.27"]
[EventType "swiss"]
[EventRounds "9"]
[EventCountry "USA"]
[SourceTitle "EXT 1999"]
[Source "ChessBase"]
[SourceDate "1998.11.16"]
[SourceVersion "1"]
[SourceVersionDate "1998.11.16"]
[SourceQuality "1"]

1. d4 d5 2. c4 c6 3. Nc3 Nf6 4. e3 g6 5. Nf3 Bg7 6. Be2 0-0 7. 0-0 Bg4 8. cxd5 cxd5 9. Qb3 b6 10. Bd2 Ne4 11. Be1 e6 12. h3 Bxf3 13. Bxf3 f5 14. Rc1 Rf7 15. Nxe4 fxe4 16. Bg4 Qd7 17. Be2 Qd8 18. Bb4 Rc7 19. Bg4 Kf7 20. Rxc7+ Qxc7 21. f3 exf3 22. Bxf3 Ke8 23. Bxd5 1-0

[Event "World op 26th"]
[Site "Philadelphia"]
[Date "1998.06.30"]
[Round "4"]
[White "Bauer, Richard N"]
[Black "Shaked, Tal"]
[Result "1/2-1/2"]
[WhiteElo "2275"]
[BlackElo "2535"]
[PlyCount "34"]
[EventDate "1998.06.27"]
[EventType "swiss"]
[EventRounds "9"]
[EventCountry "USA"]
[SourceTitle "EXT 1999"]
[Source "ChessBase"]
[SourceDate "1998.11.16"]
[SourceVersion "1"]
[SourceVersionDate "1998.11.16"]
[SourceQuality "1"]

1. e4 e6 2. d4 d5 3. exd5 exd5 4. Nf3 Bd6 5. c4 c6 6. Nc3 Ne7 7. Bg5 f6 8. Bh4 0-0 9. c5 Bc7 10. Bd3 b6 11. b4 Bg4 12. 0-0 Nd7 13. h3 Bh5 14. Qc2 Bg6 15. Bg3 Bxg3 16. fxg3 a5 17. a3 Re8 1/2-1/2

[Event "Connecticut-ch"]
[Site "Middletown"]
[Date "1998.??.??"]
[Round "?"]
[White "Bauer, Richard N"]
[Black "Leahy, Kerry"]
[Result "1/2-1/2"]
[WhiteElo "2340"]
[BlackElo "2302"]
[PlyCount "68"]
[EventDate "1998.03.??"]
[EventType "tourn"]
[EventRounds "7"]
[EventCountry "USA"]
[SourceTitle "EXT 2005"]
[Source "ChessBase"]
[SourceDate "2004.11.15"]
[SourceVersion "1"]
[SourceVersionDate "2004.11.15"]
[SourceQuality "1"]

1. e4 c6 2. d4 d5 3. Nd2 dxe4 4. Nxe4 Nf6 5. Nxf6+ exf6 6. c3 Bd6 7. Bd3 0-0 8. Qc2 Re8+ 9. Ne2 Kh8 10. Be3 Nd7 11. 0-0-0 Nf8 12. Ng3 Qc7 13. Rde1 Be6 14. Nf5 Bf4 15. g3 Bxe3+ 16. Nxe3 g6 17. h4 h5 18. Bc4 Kg7 19. Bxe6 Rxe6 20. Ng2 Rae8 21. Qd2 Qa5 22. a3 Qf5 23. Nf4 Rxe1+ 24. Rxe1 Rxe1+ 25. Qxe1 Ne6 26. Nxe6+ fxe6 27. Qe2 b5 28. f4 Qd5 29. Kd2 Kf7 30. Ke3 Qh1 31. Qf3 Qc1+ 32. Kd3 Qb1+ 33. Ke3 Qc1+ 34. Kd3 Qb1+ 1/2-1/2

[Event "USA-chT Amateur East"]
[Site "Parsippany"]
[Date "1998.??.??"]
[Round "2"]
[White "Bauer, Richard N"]
[Black "Nakamura, Asuka"]
[Result "1/2-1/2"]
[WhiteElo "2275"]
[BlackElo "2125"]
[PlyCount "55"]
[EventDate "1998.??.??"]
[EventType "team"]
[EventRounds "6"]
[EventCountry "USA"]
[SourceTitle "EXT 1999"]
[Source "ChessBase"]
[SourceDate "1998.11.16"]
[SourceVersion "1"]
[SourceVersionDate "1998.11.16"]
[SourceQuality "1"]

1. e4 e5 2. Nf3 Nc6 3. Bb5 a6 4. Ba4 Nf6 5. 0-0 Be7 6. Re1 b5 7. Bb3 d6 8. c3 0-0 9. d4 Bg4 10. d5 Na5 11. Bc2 c5 12. h3 Bc8 13. Nbd2 Ne8 14. Nf1 Bf6 15. Ne3 g6 16. Ng4 Bg7 17. Bg5 f6 18. Bc1 Nc4 19. Ngh2 f5 20. exf5 Bxf5 21. Bxf5 Rxf5 22. Ng4 Nb6 23. Bh6 Rh5 24. Bxg7 Kxg7 25. Qd3 Nf6 26. Nxf6 Qxf6 27. Nh2 Rf5 28. f3 1/2-1/2